000 01298naa a22003617a 4500
001 BR7405899
003 BR-BrBNA
005 20240918173650.0
007 ta
008 230509b bl.||||| |||| 00| 0 por d
040 _aBR-BrBNA
_bpor
_cBiblioteca Nacional de Agricultura
041 _a(Pt)
072 _aF25; F60
_b0150
_b9205
_b3830
090 _aF25 BR7405899
100 1 _aGomes, H. de A.
100 1 _aXavier, F.M.
100 1 _aKaminsk, J.
100 1 _aBrenner, H.
111 1 _a14. Congresso Brasileiro de Ciencia do Solo
_cSanta Maria, RS (Brazil)
_d16 Jul 1973
245 1 _aInfluencia de pesada adubacao fosfatada no rendimento de graos de arroz (Oriza sativa, L.)irrigado por inundacao
260 3 _aRio de Janeiro, GB (Brasil):
_c1974.
500 _aAnais do 14. Congresso Brasileiro de Ciencia do Solo Rio de Janeiro, GB (Brasil): 1974. p. 526-536 (BR7405899-AM)F25
650 _aFISIOLOGIA VEGETAL
650 _aARROZ
650 _aGRAO
650 _aFERTILIZANTE FOSFATADO
650 _aADUBACAO
650 _aCRESCIMENTO
650 _aIRRIGACAO POR INUNDACAO
773 0 _tAnais do 14. Congresso Brasileiro de Ciencia do Solo
_wF25 BR7405899
_gRio de Janeiro, GB (Brasil), 1974. p. 526-536
909 _a202404
_bLucia
_c55
_dLucia Elande
942 _cAM
_2AGRIS
999 _c306064
_d306064